000 00356nam a2200133 i 4500
001 bg
100 1 _aŁUKASIEWICZ, Stanisław
245 0 _aObciążenia skupione w płytach, tarczach i powłokach /
_cStanisław Łukasiewicz.
260 _aWarszawa,
_c1976.
040 _cBPK
041 _apol
942 _cKS
008 s pl f |000 0 pol
999 _c27502
_d27502
856 _uhttp://koha.tu.koszalin.pl/cgi-bin/koha/opac-detail.pl?biblionumber=27502
_yKatalog online BPK